[Event "Ctor por Equipos de Aragon-Division de Honor"]
[Site ""]
[Date "2023.02.18"]
[Round "4.16"]
[White "Fabre Perez, Jose Maria"]
[Black "Carrasquer Alonso, Fernando"]
[Result "0-1"]
[WhiteElo "1981"]
[BlackElo "1874"]
[PlyCount "0"]
[WhiteTeam "Delicias"]
[BlackTeam "Jaque - Aramovil"]
[EventDate "2023.01.28"]

1. c4 Nf6 2. g3 d6 3. Bg2 g6 4. Nc3 Bg7 5. d3 O-O 6. e4 c5 7. Nf3 Nc6 8. Bg5 h6
9. Bd2 Bd7 10. a3 Rb8 11. O-O Nd4 12. Nxd4 cxd4 13. Ne2 b5 14. cxb5 Bxb5 15.
Nxd4 Bxd3 16. Nc6 Qe8 17. Nxb8 Bxf1 18. Qxf1 Qxb8 19. b4 Ng4 20. h3 Ne5 21. Rc1
Qb7 22. Be3 Rc8 23. Rxc8+ Qxc8 24. Bxa7 Qc3 25. b5 Qxa3 26. Be3 Qb3 27. Qe2 Nc4
28. Bf1 Nxe3 29. Qxe3 Qb2 30. Be2 h5 31. Qd3 Bd4 32. Qc4 Qb1+ 33. Kg2 Qxe4+ 34.
Bf3 Qe5 35. Bd5 e6 36. Bf3 Bc5 37. Qa4 Qb2 38. Qd1 Qxf2+ 39. Kh1 Qxg3 40. Bg2
Qe3 41. Qa1 d5 42. Qb1 Bb6 43. Qa1 d4 44. Qa8+ Kh7 45. Qf3 Qxf3 46. Bxf3 f5 47.
Kg1 e5 48. Kf1 e4 49. Bd1 h4 50. Ke2 Kh6 0-1

[Event "Ctor por Equipos de Aragon-Division de Honor"]
[Site ""]
[Date "2023.02.18"]
[Round "4.17"]
[White "Lana Rodriguez, David"]
[Black "Colom Sienes, Eduardo"]
[Result "1-0"]
[WhiteElo "2383"]
[BlackElo "2086"]
[PlyCount "0"]
[WhiteTeam "Teruel"]
[BlackTeam "Palacio De Pioneros B"]
[EventDate "2023.01.28"]

1. e4 e6 2. d4 d5 3. Nc3 Bb4 4. exd5 exd5 5. Bd3 Nf6 6. Bg5 0-0 7. Qf3 Bxc3+ 8. bxc3 
Qe8+ 9. Ne2 Ne4 10. Bc1 f5 11. 0-0 Nc6 12. Rb1 Ne7 13. c4 c6 14. cxd5 cxd5 15. c4 
b6 16. cxd5 Nxd5 17. Ng3 Ndc3 18. Nxe4 Nxe4 19. Rb5 Qg6 20. Re5 Bb7 21. Bc4+ Kh8 
22. d5 Rac8 23. Bb3 Rc3 24. Qf4 Qf7 25. Ba3 g5 26. Rxe4 gxf4 27. Re7 Rxb3 28. Rxf7 
Rxf7 29. axb3 Bxd5 30. b4 Kg8 31. f3 Re7 32. Bc1 Bc4 33. Rd1 Re2 34. h4 (34. Bxf4 
a5 35. bxa5 bxa5 ) a5 35. bxa5 bxa5 36. Bxf4 Kf7 37. Rd4 Be6 38. Bd2 a4 39. Kf1 
Rxd2 40. Rxd2 a3 41. Rd8 a2 42. Ra8 h5 43. Ke2 Ke7 44. Ke3 Kf6 45. Kf4 Bc4 46. g3 
Kg6 (46... Be2 47. Rxa2 ) 47. Ke5 Be2 48. Rxa2 Bxf3 49. Ra6+ Kg7 50. Kxf5 Bd1 51. 
Kg5 Kf7 52. Rh6  1-0

[Event "Ctor por Equipos de Aragon-Division de Honor"]
[Site ""]
[Date "2023.02.18"]
[Round "4.19"]
[White "Arpa Pardos, Emilio"]
[Black "Caballero Ortin, Jorge"]
[Result "0-1"]
[WhiteElo "1811"]
[BlackElo "1714"]
[PlyCount "0"]
[WhiteTeam "Teruel"]
[BlackTeam "Palacio De Pioneros B"]
[EventDate "2023.01.28"]

1. Nf3 c5 2. c4 g6 3. d4 cxd4 4. Nxd4 Bg7 5. e4 d6 6. Nc3 Nf6 7. Be2 0-0 8. Be3 Nc6 
9. 0-0 Bd7 10. Qd2 a5 11. f3 Nxd4 12. Bxd4 Bc6 13. Nd5 Nd7 14. Bxg7 Kxg7 15. Qd4+ 
Kg8 16. Rac1 Bxd5 17. cxd5 Rc8 18. a3 Qb6 19. Qxb6 Nxb6 20. Bb5 f5 21. Rc3 Rxc3 
22. bxc3 fxe4 23. fxe4 Rc8 24. Rf3 Nc4 25. Bd7 Rc7 26. Be6+ Kg7 27. g4 Ne5 28. Rf2 
Rxc3 29. Rb2 Rc7 30. Rb5 Nc4 31. Rb3 Kf6 32. Rh3 b5 33. Rb3 Rb7 34. Bc8 Rb6 35. 
Rc3 a4 36. Bd7 Ne5 37. Be6 b4 38. axb4 Rxb4 39. h4 Nc4 40. Kf2 a3 41. Rc1 Rb2+ 42. 
Kf3 Ne5+ 43. Ke3 a2 44. Rc8 Rb3+ 45. Ke2 h6 46. Rf8+ Nf7 47. Ra8 Rb2+ 48. Ke3 g5 
49. h5 Rb3+ 50. Ke2 Nd8 51. Bf5 Rb2+ 52. Ke3 Nb7 53. Be6 Ke5 54. Ra7 Rb3+ 55. Kd2 
Rg3 56. Kc2 Nc5 57. Bf5 Kd4 58. Kb2 Rg2+ 59. Kc1 Nb3+ 60. Kd1 Rg1+ 61. Kc2  0-1

[Event "Ctor por Equipos de Aragon-Division de Honor"]
[Site ""]
[Date "2023.02.18"]
[Round "4.20"]
[White "Ramon Perez, Jose Luis"]
[Black "Navarro Alonso, Jorge"]
[Result "0-1"]
[WhiteElo "2166"]
[BlackElo "2186"]
[PlyCount "0"]
[WhiteTeam "Fraga"]
[BlackTeam "Helios"]
[EventDate "2023.01.28"]

1. e4 c5 2. Nc3 e6 3. Nge2 Nc6 4. g3 Nf6 5. Bg2 Be7 6. O-O O-O 7. d4 cxd4 8.
Nxd4 a6 9. Re1 Qc7 10. Nxc6 dxc6 11. f4 e5 12. f5 b5 13. Qf3 Bb7 14. g4 b4 15.
Ne2 c5 16. Ng3 Nd7 17. g5 c4 18. f6 Bc5+ 19. Be3 g6 20. Qg4 Rfe8 21. Rad1 Rad8
22. Kh1 Nf8 23. Bc1 Ne6 24. h4 Nd4 25. h5 Nxc2 26. hxg6 hxg6 27. Qh4 Nxe1 28.
Rxe1 Rd3 29. Bf1 Qd7 30. Re2 Rxg3 31. Qxg3 Qd1 32. Qe1 Rd8 33. Kg2 Qxe1 34.
Rxe1 c3 35. bxc3 bxc3 36. Kf3 c2 37. Bg2 Rd1 38. Ke2 Rd4 39. Bb2 Bb4 40. Bxd4
Bxe1 41. Be3 Bc3 42. Kd3 Bd4 43. Bc1 Kf8 44. Kxc2 Ke8 45. Kd3 Bc6 46. Kc4 Kd7
47. Bh3+ Kd8 48. Bg2 Bd7 49. Kb4 Kc7 50. Bd2 Kb6 51. Kb3 Bb5 52. Bh3 Kc7 53.
Be6 Be8 54. Bd5 Kb6 55. Bb4 Be3 56. Bd6 Bxg5 57. Bxe5 Kc5 58. Kc3 Bc1 59. Kd3
Bh6 60. Bc3 g5 61. Ke3 g4+ 62. Kf2 Bf4 63. Kg2 Kb6 64. Be1 Be5 65. Bh4 Kc5 66.
Bg5 Kd6 67. Kf2 Kc5 68. Bb7 Kb6 69. Bc8 g3+ 70. Kf3 a5 71. Bh3 Kc6 72. Bf1 Kd6
73. Bc4 Kc5 74. Be2 Bd7 75. Be3+ Kd6 76. Bg5 Bh3 77. Bh4 g2 78. Bf2 Bh2 79. Bc4
g1=Q 80. Bxg1 Bxg1 81. Bxf7 Bd4 82. Ke2 Bxf6 83. Be8 Ke5 84. Kd3 Bf1+ 85. Kc3
Kxe4+ 86. Kb3 Kd4 87. Bf7 Bg2 88. Ka4 Bd8 89. Bg6 Kc3 90. Bf7 Bc6+ 0-1

[Event "Ctor por Equipos de Aragon-Division de Honor"]
[Site ""]
[Date "2023.02.18"]
[Round "4.21"]
[White "Eizaguerri Floris, Maria"]
[Black "Aribau Rivas, Miguel Angel"]
[Result "1-0"]
[WhiteElo "2137"]
[BlackElo "2036"]
[PlyCount "0"]
[WhiteTeam "Helios"]
[BlackTeam "Fraga"]
[EventDate "2023.01.28"]

1. e4 e6 2. d4 d5 3. Nd2 dxe4 4. Nxe4 Nd7 5. Nf3 Ngf6 6. Nxf6+ Nxf6 7. Bd3 Be7
8. O-O O-O 9. Ne5 c5 10. dxc5 Bxc5 11. Bg5 Be7 12. Qf3 Nd5 13. Qh3 f5 14. Bxe7
Qxe7 15. c4 Nf4 16. Qf3 Nxd3 17. Qxd3 Qc7 18. Qc3 Bd7 19. Rad1 Rad8 20. Nd3
Rfe8 21. Rfe1 Bc6 22. Qe5 Qc8 23. Nf4 Bd7 24. b3 b6 25. h4 Qc5 26. Qxc5 bxc5
27. Nxe6 Bxe6 28. Rxd8 Rxd8 29. Rxe6 Rd1+ 30. Kh2 Rd2 31. Ra6 Rxf2 32. Rxa7 Rb2
33. Kg3 g6 34. Ra5 Kg7 35. Rxc5 Rxa2 36. b4 Kf6 37. b5 Ke6 38. b6 1-0

[Event "Ctor por Equipos de Aragon-Division de Honor"]
[Site ""]
[Date "2023.02.18"]
[Round "4.22"]
[White "Chine Infantes, Miguel Angel"]
[Black "Guzman Moneo, Alberto"]
[Result "0-1"]
[WhiteElo "1814"]
[BlackElo "2146"]
[PlyCount "0"]
[WhiteTeam "Fraga"]
[BlackTeam "Helios"]
[EventDate "2023.01.28"]

1. e4 e5 2. Nf3 Nc6 3. Bc4 Nf6 4. Nc3 Nxe4 5. Nxe4 d5 6. Bxd5 Qxd5 7. Nc3 Qd8
8. h3 Bd6 9. d4 exd4 10. Nxd4 O-O 11. Be3 Ne5 12. O-O Nc4 13. Qd3 Nxe3 14. fxe3
c6 15. Ne4 Bc7 16. Rf3 Qd5 17. Raf1 Bd7 18. c4 Qe5 19. Rg3 f5 20. Nf3 Qxe4 21.
Rxg7+ Kxg7 22. Qxd7+ Rf7 23. Qxf7+ Kxf7 24. Ng5+ Kg6 25. Nxe4 fxe4 0-1

[Event "Ctor por Equipos de Aragon-Division de Honor"]
[Site ""]
[Date "2023.02.18"]
[Round "4.23"]
[White "Torcal Miguel, Oscar"]
[Black "Agustin De Dios, Adrian"]
[Result "1-0"]
[WhiteElo "2055"]
[BlackElo "1698"]
[PlyCount "0"]
[WhiteTeam "Helios"]
[BlackTeam "Fraga"]
[EventDate "2023.01.28"]

1. c4 e5 2. g3 Nf6 3. Bg2 h6 4. Nc3 Bb4 5. Nd5 Be7 6. b3 c6 7. Nxe7 Qxe7 8. Bb2
O-O 9. Nf3 e4 10. Nd4 d6 11. O-O a6 12. Nc2 Bf5 13. d4 Re8 14. Ne3 Bg6 15. Qd2
d5 16. Rac1 Qd8 17. Qb4 Qe7 18. Qxe7 Rxe7 19. cxd5 Nxd5 20. Nxd5 cxd5 21. Rc8+
Kh7 22. Ba3 Rd7 23. Bh3 f5 24. Rfc1 a5 25. Rf8 Rf7 26. Rcc8 Rxf8 27. Rxf8 b5
28. Bd6 a4 29. b4 h5 30. Rxb8 Rxb8 31. Bxb8 Kg8 32. f3 exf3 33. exf3 Kf7 34. a3
Ke6 35. Be5 1-0

[Event "Ctor por Equipos de Aragon-Division de Honor"]
[Site ""]
[Date "2023.02.18"]
[Round "4.24"]
[White "Gella Bitrian, Diego"]
[Black "Romero Pallares, Daniel"]
[Result "0-1"]
[WhiteElo "2023"]
[BlackElo "2280"]
[PlyCount "0"]
[WhiteTeam "Atletismo Huesca"]
[BlackTeam "Palacio De Pioneros A"]
[EventDate "2023.01.28"]

1. e4 c5 2. Nf3 d6 3. d4 cxd4 4. Nxd4 Nf6 5. Nc3 Nc6 6. Bc4 Qb6 7. Nde2 e6 8.
O-O Be7 9. Bb3 O-O 10. Be3 Qc7 11. h3 a6 12. f4 b5 13. a3 Na5 14. Nd4 Nc4 15.
Bxc4 Qxc4 16. Qe1 Bb7 17. Bf2 Rfe8 18. Rd1 e5 19. b3 Qc7 20. Nf5 Bf8 21. Bh4
Nh5 22. fxe5 dxe5 23. Qd2 Nf4 24. Nd5 Bxd5 25. exd5 Qd7 26. Ne3 Bxa3 27. Bg5
Bc5 28. Kh1 Nxh3 29. gxh3 Qxh3+ 30. Qh2 Qxh2+ 31. Kxh2 f6 32. Bxf6 Bxe3 33. Bh4
g5 34. Be1 Bf4+ 35. Kg2 Rac8 36. Rf2 Red8 37. Bb4 Kf7 38. Kf3 h5 39. Ke4 g4 40.
Ra1 h4 41. Rxa6 g3 42. Re2 h3 43. Kf5 h2 44. Ra7+ Kg8 0-1

[Event "Ctor por Equipos de Aragon-Division de Honor"]
[Site ""]
[Date "2023.02.18"]
[Round "4.25"]
[White "Palacios Herrero, Pablo"]
[Black "Laplaza Ara, Carlos"]
[Result "1-0"]
[WhiteElo "2198"]
[BlackElo "1929"]
[PlyCount "0"]
[WhiteTeam "Palacio De Pioneros A"]
[BlackTeam "Atletismo Huesca"]
[EventDate "2023.01.28"]

1. e4 c6 2. d4 d5 3. Nd2 dxe4 4. Nxe4 Bf5 5. Ng3 Bg6 6. h4 h6 7. h5 Bh7 8. Nf3
Nd7 9. Bd3 Bxd3 10. Qxd3 e6 11. Bd2 Ngf6 12. O-O-O Qc7 13. Ne4 Nxe4 14. Qxe4
Nf6 15. Qe2 O-O-O 16. Kb1 Bd6 17. c4 c5 18. Bc3 cxd4 19. Nxd4 a6 20. Nb3 Bc5
21. Rc1 Rd7 22. Rh3 Rhd8 23. Rg3 Bf8 24. Ba5 b6 25. c5 bxa5 26. c6 Rd5 27.
Qxa6+ Kb8 28. Nxa5 Bb4 29. Rb3 Rd4 30. Qb5+ Kc8 31. Rxb4 Rxb4 32. Qxb4 1-0

[Event "Ctor por Equipos de Aragon-Division de Honor"]
[Site ""]
[Date "2023.02.18"]
[Round "4.26"]
[White "Molina Cubero-Luna, German"]
[Black "Dan, Teodor"]
[Result "1-0"]
[WhiteElo "1927"]
[BlackElo "2045"]
[PlyCount "0"]
[WhiteTeam "Atletismo Huesca"]
[BlackTeam "Palacio De Pioneros A"]
[EventDate "2023.01.28"]

1. e4 g6 2. d4 Bg7 3. Nc3 d6 4. Be3 Nd7 5. Qd2 c6 6. h4 h5 7. O-O-O b5 8. Kb1
Qa5 9. Nce2 Qc7 10. Ng3 Nb6 11. f4 Bg4 12. Nf3 O-O-O 13. Rc1 Be6 14. Ng5 Nc4
15. Bxc4 Bxc4 16. b3 Be6 17. c4 bxc4 18. Nxe6 fxe6 19. Rxc4 Kb7 20. Rhc1 d5 21.
Qb4+ Qb6 22. Qa4 dxc4 23. Rxc4 a5 24. d5 c5 25. Rxc5 exd5 26. Rb5 d4 27. Rxb6+
Kxb6 28. Bd2 Nh6 29. Bxa5+ Kb7 30. Qb5+ Ka7 31. Bxd8 Rxd8 32. Qa5+ Kb7 33. Qxd8
1-0

[Event "Ctor por Equipos de Aragon-Division de Honor"]
[Site ""]
[Date "2023.02.18"]
[Round "4.27"]
[White "Iglesias Fernandez, Luis"]
[Black "Martinez Carnicer, Eduardo"]
[Result "1-0"]
[WhiteElo "1902"]
[BlackElo "1654"]
[PlyCount "0"]
[WhiteTeam "Palacio De Pioneros A"]
[BlackTeam "Atletismo Huesca"]
[EventDate "2023.01.28"]

1. d4 Nf6 2. Nf3 c5 3. e3 g6 4. c3 cxd4 5. exd4 Bg7 6. Bc4 d5 7. Bd3 Nc6 8. O-O
O-O 9. Nbd2 Re8 10. h3 e5 11. dxe5 Nxe5 12. Nxe5 Rxe5 13. Nf3 Re8 14. Bc2 a6
15. Bb3 b5 16. Bg5 Bb7 17. Qd3 Qd6 18. Rfe1 Ne4 19. Rad1 Nc5 20. Qd2 Nxb3 21.
axb3 Bc6 22. Bf4 Qf8 23. Ne5 Bxe5 24. Bxe5 Re6 25. Bd4 Rae8 26. Rxe6 Rxe6 27.
Re1 Qe7 28. Rxe6 Qxe6 29. Qf4 Qe1+ 30. Kh2 Qe6 31. Qb8+ Be8 32. Qd8 h6 33. b4
Kh7 34. Qc7 Bd7 35. Qf4 Qf5 36. Qb8 Bc8 37. Qd6 1-0

[Event "Cto por Equipos de Aragon-Preferente I"]
[Site ""]
[Date "2023.02.18"]
[Round "4.28"]
[White "Sancho Cortes, Miguel Angel"]
[Black "Ballarin Corvinos, Jorge"]
[Result "1/2-1/2"]
[WhiteElo "2024"]
[BlackElo "1748"]
[PlyCount "0"]
[WhiteTeam "Iberajedrez Mundo 64 B"]
[BlackTeam "Binefar A"]
[EventDate "2023.01.28"]

1. e4 c5 2. Nf3 e6 3. d4 cxd4 4. c3 dxc3 5. Nxc3 Nc6 6. Bc4 a6 7. O-O Nge7 8.
Bg5 Qc7 9. Rc1 f6 10. Be3 Ng6 11. Qe2 Be7 12. Bb3 O-O 13. Nd4 Qa5 14. Nf5 Kh8
15. Nxe7 Ngxe7 16. f4 f5 17. e5 Qc7 18. Rfd1 b6 19. Qf2 Rb8 20. Na4 b5 21. Nc5
a5 22. a3 a4 23. Ba2 Rd8 24. Rd6 Qa5 25. Nd3 b4 26. Bd2 Bb7 27. Nxb4 Nxb4 28.
Bxb4 Qa8 29. h4 Bd5 30. Bxd5 Nxd5 31. Qd2 Qa7+ 32. Kh2 h6 33. Rc4 Ne3 34. Qd4
Qxd4 35. Rcxd4 Nc2 36. Rc4 Nxb4 37. axb4 Rb7 38. Ra6 Rdb8 39. Rxa4 Kg8 40. Kg3
Kf7 41. Rd4 Kg6 42. Ra6 Kf7 43. b5 Ke7 44. Rad6 Rc8 45. Rb4 Rc5 46. b6 Rc6 47.
Rxc6 dxc6 48. Kf3 Kd7 49. Rd4+ Ke7 50. Rb4 Kd7 51. Ke3 c5 52. Rb3 Kc6 53. Kd3
Rxb6 54. Rxb6+ Kxb6 55. Kc4 h5 56. b4 cxb4 57. Kxb4 Kc6 58. Kc4 Kb6 59. Kb4 Kc6
60. Kc4 Kb6 61. Kb4 1/2-1/2

[Event "Cto por Equipos de Aragon-Preferente I"]
[Site ""]
[Date "2023.02.18"]
[Round "4.29"]
[White "Bonet Herbera, Isabel"]
[Black "Jimenez Fernandez, Alejandro"]
[Result "1/2-1/2"]
[WhiteElo "1723"]
[BlackElo "1955"]
[PlyCount "0"]
[WhiteTeam "Binefar A"]
[BlackTeam "Iberajedrez Mundo 64 B"]
[EventDate "2023.01.28"]

1. e4 c6 2. d4 d5 3. exd5 cxd5 4. Bd3 Nf6 5. Bf4 Bg4 6. f3 Bh5 7. c3 Bg6 8. Ne2
e6 9. O-O Bd6 10. Re1 Nc6 11. Qc2 Rc8 12. Bxd6 Qxd6 13. Nd2 O-O 14. a3 Rc7 15.
Bxg6 hxg6 16. f4 Na5 17. Nf3 Nc4 18. Ne5 a5 19. Nc1 Rfc8 20. Ncd3 Qe7 21. Qe2
Nd6 22. Rf1 Nfe4 23. Rf3 b5 24. Rh3 Ra7 25. Rf1 Nc4 26. Qg4 Nf6 27. Qe2 Ne4
1/2-1/2

[Event "Cto por Equipos de Aragon-Preferente I"]
[Site ""]
[Date "2023.02.18"]
[Round "4.30"]
[White "Garcia Acin, Pablo"]
[Black "Lanau Corzan, Gerardo"]
[Result "1-0"]
[WhiteElo "1851"]
[BlackElo "1633"]
[PlyCount "0"]
[WhiteTeam "Iberajedrez Mundo 64 B"]
[BlackTeam "Binefar A"]
[EventDate "2023.01.28"]

1. e4 c6 2. Nc3 d5 3. Nf3 Bg4 4. h3 Bxf3 5. Qxf3 e6 6. d4 Nf6 7. exd5 cxd5 8.
Bd3 Nc6 9. Ne2 Bd6 10. c3 a6 11. Bg5 h6 12. Bh4 g5 13. Bg3 Bxg3 14. fxg3 Qe7
15. O-O Nd7 16. Qh5 Nf6 17. Qf3 Nd7 18. Rf2 f5 19. g4 fxg4 20. Bg6+ Kd8 21.
Qxg4 Rf8 22. Raf1 Rf6 23. Rxf6 Nxf6 24. Qf3 Nd7 25. Qh5 Kc7 26. Rf7 Qd6 27.
Qxh6 e5 28. Qg7 exd4 29. cxd4 Re8 30. Rxd7+ Qxd7 31. Qxd7+ Kxd7 32. Bxe8+ Kxe8
33. Kf2 Ke7 34. Kf3 Kf6 35. Kg4 b5 36. g3 b4 37. h4 gxh4 38. gxh4 a5 39. h5 a4
40. h6 a3 41. h7 Kg7 42. b3 Na5 43. Nc1 Nc6 44. Kf4 Nxd4 45. Ke5 Nc2 46. Kxd5
Kxh7 47. Kc5 1-0

[Event "Cto por Equipos de Aragon-Preferente I"]
[Site ""]
[Date "2023.02.18"]
[Round "4.32"]
[White "Galicia Gracia, Pablo"]
[Black "Franco Ibanez, Carlos"]
[Result "1/2-1/2"]
[WhiteElo "1909"]
[BlackElo "1859"]
[PlyCount "0"]
[WhiteTeam "Enroque Barbastro A"]
[BlackTeam "Shatranj A"]
[EventDate "2023.01.28"]

1. e4 e5 2. Nf3 Nc6 3. Bb5 a6 4. Bxc6 dxc6 5. O-O f6 6. d3 Bd6 7. Be3 Ne7 8.
Nbd2 Be6 9. c4 Ng6 10. d4 Bf7 11. Qc2 O-O 12. a3 a5 13. d5 c5 14. Nb1 Qd7 15.
Nc3 Nf4 16. Ne1 g5 17. Nd3 b6 18. f3 Kg7 19. Rab1 Bg6 20. Bxf4 exf4 21. Nb5
Rfe8 22. Nxd6 cxd6 23. b4 axb4 24. axb4 Qa4 25. Qc3 Reb8 26. Ra1 Qd7 27. Ra3
Rxa3 28. Qxa3 Qc7 29. b5 Kf7 30. h4 h6 31. hxg5 hxg5 32. Ra1 f5 33. Nf2 fxe4
34. fxe4 Re8 35. Qh3 Kg8 36. Qh6 Qg7 37. Qxg7+ Kxg7 38. Ra7+ Kf8 39. Rd7 Bxe4
40. Rxd6 Bc2 41. Nh3 Bd3 42. Nxg5 Bxc4 43. Rxb6 Bxd5 44. Rf6+ Kg7 45. Rxf4 Re5
46. Nf3 Bxf3 47. Rxf3 c4 48. Rc3 Rxb5 49. Rxc4 Kg6 50. Kh2 Rb2 51. Kh3 Rb3+ 52.
g3 Ra3 1/2-1/2

[Event "Cto por Equipos de Aragon-Preferente I"]
[Site ""]
[Date "2023.02.18"]
[Round "4.33"]
[White "Ballonga Arruego, Alejandro"]
[Black "Rubiella Moreno, Óscar"]
[Result "1/2-1/2"]
[WhiteElo "1656"]
[BlackElo "1587"]
[PlyCount "0"]
[WhiteTeam "Shatranj A"]
[BlackTeam "Enroque Barbastro A"]
[EventDate "2023.01.28"]

1. c4 e5 2. Nc3 Nf6 3. Nf3 Nc6 4. d4 exd4 5. Nxd4 Bb4 6. Bg5 Bxc3+ 7. bxc3 O-O
8. e3 Qe7 9. Bd3 Ne5 10. Bc2 b6 11. h4 Ba6 12. Nb5 Qc5 13. Bxf6 gxf6 14. Rh3
Qxc4 15. Rg3+ Ng6 16. Bd3 Qxh4 17. Rh3 Qg5 18. f4 Qxg2 19. Qh5 Rfe8 20. Bc4 Re7
21. Qxh7+ Kf8 22. Qh6+ 1/2-1/2

[Event "Cto por Equipos de Aragon-Preferente I"]
[Site ""]
[Date "2023.02.18"]
[Round "4.35"]
[White "Dominguez Luzon, Fernando"]
[Black "Malo Guillen, Jose Luis"]
[Result "0-1"]
[WhiteElo "1960"]
[BlackElo "2128"]
[PlyCount "0"]
[WhiteTeam "Delicias B"]
[BlackTeam "Las Fuentes A"]
[EventDate "2023.01.28"]

1. e4 e5 2. Nf3 Nc6 3. Bb5 Nge7 4. c3 d5 5. Nxe5 dxe4 6. d4 exd3 7. Qf3 Be6 8.
Nxc6 Nxc6 9. Bxc6+ bxc6 10. Qxc6+ Bd7 11. Qf3 Be6 12. Qc6+ Bd7 13. Qf3 Bd6 14.
O-O O-O 15. Be3 c5 16. Nd2 Qc7 17. Nc4 Bxh2+ 18. Kh1 Be6 19. b3 Bxc4 20. bxc4
Be5 21. Qd5 Rfd8 22. Qxc5 Qxc5 23. Bxc5 Bxc3 24. Rad1 Rac8 25. Bxa7 Rxc4 26.
Be3 Ra4 27. Bd2 Bf6 28. Rfe1 Rxa2 29. Bb4 h6 30. Kg1 Bd4 31. Rd2 Rxd2 32. Bxd2
Bf6 33. Rd1 Ra8 34. Kf1 Ra1 35. Ke1 g5 36. g4 Bd4 0-1

[Event "Cto por Equipos de Aragon-Preferente I"]
[Site ""]
[Date "2023.02.18"]
[Round "4.36"]
[White "Montes Santos, Lorenzo"]
[Black "Gaspar Calvo, Luis Alberto"]
[Result "1/2-1/2"]
[WhiteElo "2017"]
[BlackElo "1845"]
[PlyCount "0"]
[WhiteTeam "Las Fuentes A"]
[BlackTeam "Delicias B"]
[EventDate "2023.01.28"]

1. d4 c5 2. Nf3 cxd4 3. Nxd4 Nc6 4. c4 Nf6 5. Nc3 g6 6. g3 Bg7 7. Bg2 Nxd4 8.
Qxd4 O-O 9. O-O d6 10. Qd2 a5 11. b3 Nd7 12. Bb2 Nc5 13. Rad1 Be6 14. Ne4 Nxe4
15. Bxe4 Bxb2 16. Qxb2 Qb6 17. Qd4 Qxd4 18. Rxd4 Rab8 19. a4 Rfc8 20. Rfd1 Rc5
21. Bd5 Bxd5 22. Rxd5 b6 23. e4 Rxd5 24. Rxd5 f6 25. f4 h5 26. Rb5 Kf7 27. Kf2
Ke8 28. e5 Kd7 29. Ke3 f5 30. h4 Kc6 31. exd6 exd6 32. Rd5 1/2-1/2

[Event "Cto por Equipos de Aragon-Preferente I"]
[Site ""]
[Date "2023.02.18"]
[Round "4.37"]
[White "Martinez Blanco, Ruben"]
[Black "Alonso Blasco, Jose Miguel"]
[Result "0-1"]
[WhiteElo "1317"]
[BlackElo "1942"]
[PlyCount "0"]
[WhiteTeam "Delicias B"]
[BlackTeam "Las Fuentes A"]
[EventDate "2023.01.28"]

1. e4 c6 2. d4 d5 3. f3 dxe4 4. fxe4 e5 5. Nf3 Be6 6. Nbd2 exd4 7. Bc4 Nd7 8.
O-O Bc5 9. Kh1 Bxc4 10. Nxc4 Qe7 11. Ng5 f6 12. Nf3 O-O-O 13. a3 Nb6 14. Qd3
Nxc4 15. Qxc4 Bb6 16. Re1 Qd7 17. b4 Ne7 18. Bb2 Ng6 19. a4 Ne5 20. Nxe5 fxe5
21. a5 Bc7 22. Ra3 Rhf8 23. Rea1 Qf7 24. Qc5 Qf1+ 0-1

[Event "Cto por Equipos de Aragon-Preferente I"]
[Site ""]
[Date "2023.02.18"]
[Round "4.38"]
[White "Roman Gimeno, Javier"]
[Black "Jarabo Marin, Pablo"]
[Result "0-1"]
[WhiteElo "1899"]
[BlackElo "1246"]
[PlyCount "0"]
[WhiteTeam "Las Fuentes A"]
[BlackTeam "Delicias B"]
[EventDate "2023.01.28"]

1. d4 d5 2. Nf3 Nf6 3. c4 e6 4. g3 Nc6 5. b3 b6 6. Bg2 Bb7 7. O-O Bd6 8. Bb2
O-O 9. Nc3 Qd7 10. cxd5 exd5 11. a3 Ne7 12. b4 Ng6 13. Rc1 Rfe8 14. e3 Ba6 15.
Re1 Bc4 16. Nd2 Rab8 17. Nxc4 dxc4 18. b5 Ne7 19. e4 c5 20. bxc6 Nxc6 21. e5
Bxe5 22. dxe5 Nxe5 23. Qxd7 Nfxd7 24. Ba1 Nc5 25. Rcd1 b5 26. Nxb5 Ncd3 27. Nd6
Nf3+ 28. Bxf3 Rxe1+ 29. Rxe1 Nxe1 30. Be4 Rd8 31. Nxc4 Rd1 32. Bc3 Rc1 0-1

[Event "Cto por Equipos de Aragon-Preferente I"]
[Site ""]
[Date "2023.02.18"]
[Round "4.39"]
[White "Lorente Melcon, Maximo"]
[Black "Portero Garnica, Miguel Angel"]
[Result "1/2-1/2"]
[WhiteElo "1980"]
[BlackElo "2072"]
[PlyCount "0"]
[WhiteTeam "Helios B"]
[BlackTeam "Marcos Frechin B"]
[EventDate "2023.01.28"]

1. e4 e5 2. Nf3 Nc6 3. d4 exd4 4. Nxd4 Nf6 5. Nxc6 bxc6 6. e5 Qe7 7. Qe2 Nd5 
8. c4 Nb6 9. Nc3 Qe6 10. Bd2 d6 11. exd6 cxd6 12. O-O-O Be7 13. Bf4 Qxe2 
14. Bxe2 Be6 15. Bxd6 Nxc4 16. Bxc4 Bxc4 17. f4 Rd8 18. Rhe1 Rd7 19. Ne4 Bd5 
20. Be5 O-O 21. Nc3 Bb4 22. a3 Bxc3 23. Bxc3 f6 24. g3 Rfd8 25. Rd2 Bb3 
26. Rxd7 Rxd7 27. Bd2 c5 28. Re3 c4 29. Re1 Kf7 30. Bb4 Kg6 31. g4 h5 
32. h3 f5 33. gxh5+ Kxh5 34. Bc3 Kh4 35. Rh1 Kg3 36. Rg1+ Kh2 37. Re1 Kxh3 
38. Bd2 Kg4 39. Rg1+ Kf3 40. Rg5 Ke4 41. Rg3 1/2-1/2

[Event "Cto por Equipos de Aragon-Preferente I"]
[Site ""]
[Date "2023.02.18"]
[Round "4.40"]
[White "Perez Tomas, Juan Manuel"]
[Black "Carraminana Lopez, Luis Antonio"]
[Result "1/2-1/2"]
[WhiteElo "1807"]
[BlackElo "1901"]
[PlyCount "0"]
[WhiteTeam "Marcos Frechin B"]
[BlackTeam "Helios B"]
[EventDate "2023.01.28"]

1. e4 d6 2. d4 Nf6 3. Nc3 e5 4. Nf3 Nbd7 5. Bc4 Be7 6. O-O O-O 7. Re1 c6 
8. a4 a5 9. Ba2 exd4 10. Qxd4 Nc5 11. Bf4 Be6 12. e5 dxe5 13. Bxe5 Qxd4 
14. Bxd4 Nfd7 15. Rad1 Rad8 16. Ne4 Bxa2 17. Nxc5 Bxc5 18. b3 Bb4 19. Re3 c5 
20. Bb2 c4 21. Ra1 cxb3 22. cxb3 Nc5 23. Nd4 Ne6 24. Nf3 Bd2 25. Re2 Bb4 
26. Re3 Rfe8 27. g3 Bxb3 28. Rxb3 Nc5 29. Re3 Rxe3 30. fxe3 Rd3 31. Bd4 Nb3 
32. Rf1 Nxd4 33. exd4 Bc3 34. Kg2 Bxd4 35. Rb1 b6 36. Nxd4 Rxd4 37. Rxb6 g6 
38. Ra6 Rxa4 39. Kf3 h5 40. h3 Ra1 41. g4 hxg4+ 42. hxg4 a4 43. g5 a3 
44. Ra8+ Kg7 45. Kg2 Kh7 46. Ra7 Kg8 47. Ra8+ Kg7 48. Kh2 Ra2+ 49. Kg1 Ra1+ 
50. Kg2 a2 51. Kh2 Rb1 52. Rxa2 Rb5 53. Rg2 f6 54. gxf6+ Kxf6 55. Ra2 g5 
56. Kg3 Rb3+ 57. Kg4 Rb4+ 58. Kg3 1/2-1/2

[Event "Cto por Equipos de Aragon-Preferente I"]
[Site ""]
[Date "2023.02.18"]
[Round "4.41"]
[White "Lacamara Pasamar, Miguel"]
[Black "Atares Buisan, Sergio"]
[Result "0-1"]
[WhiteElo "1794"]
[BlackElo "1691"]
[PlyCount "0"]
[WhiteTeam "Helios B"]
[BlackTeam "Marcos Frechin B"]
[EventDate "2023.01.28"]

1. e4 c5 2. Nf3 Nc6 3. d4 cxd4 4. Nxd4 g6 5. Nc3 Bg7 6. Be3 Nf6 7. Bc4 Qa5 
8. O-O d6 9. h3 O-O 10. Bb3 Bd7 11. Re1 Qh5 12. Nd5 Qxd1 13. Raxd1 Nxd5 
14. exd5 Nxd4 15. Bxd4 Rfe8 16. g4 b6 17. Re3 g5 18. Bxg7 Kxg7 19. Rd4 Rad8 
20. Rc3 Rc8 21. Re3 b5 22. a3 Rcd8 23. Rde4 Kf6 24. Rf3+ Kg6 25. Rfe3 Kf6 
26. f4 h6 27. f5 Rc8 28. c3 Rb8 29. Kf2 a5 30. Ke1 Rb7 31. Kd2 Rbb8 32. Ba2 Rb7 
33. Kc2 h5 34. Rf3 h4 35. Bb3 Rc8 36. Kd2 Rcb8 37. Rfe3 Re8 38. Ba2 Rbb8 39. Re2 Rb7 
40. Ke1 Rbb8 41. Rf2 Rb7 42. Bb3 Reb8 43. Rfe2 Re8 44. Kd1 Rbb8 45. Kc1 Rb7 
46. Kd2 Rbb8 47. Ke3 Rb7 48. Kd2 Rbb8 49. Ke1 Rb7 50. Rf2 Reb8 51. Rfe2 Re8 
52. Kd1 Rbb8 53. Rf2 Rb7 54. a4 bxa4 55. Bxa4 Bxa4+ 56. Rxa4 Reb8 57. Kc1 Rb5 
58. Rd4 R8b7 59. Kb1 Rc5 60. Kc2 Rbb5 61. Rfd2 Rb7 62. c4 Rc8 63. Kc3 Rcb8 
64. Kc2 Rxb2+ 65. Kc3 R8b3# 0-1